000 01040nam0a22003011 4500
001 RU\NLR\INFOCOMM_195\5000050712
005 20250613093025.0
035 _a(NLR Aleph) 009188904
090 _a8618053
_c8618053
100 _a20100330d1979 |||y0rusy50 ca
101 1 _aeng
_crus
102 _aRU
105 _aa ||||000|y
200 1 _aViktor Saneyev
_f[Comp. by Ye. Chen
_gTransl. from the Russ. by Christopher English]
210 _aΜ.
_cProgress
_dˆCop.‰1979
215 _a[52] с.
_cил., цв. ил., портр.
_d24 см
225 1 _aOlympic heroes
300 _aВ вып. дан.: Виктор Санеев / Е. Чен
300 _aАвт. указан на обороте тит. л.
686 _aЧ517.117.73(2)-8Санеев
_2rubbk
700 1 _9z01790
_aČen
_bE. B.
_gEvgenij Bernardovič
_4070
702 1 _aSaneev
_bV. D.
_f1945-
_gViktor Danilovič
_4570
790 1 _9z01700
_aChen
_bYe.
_4070
801 1 _aRU
_bNLR
_c20100330
801 0 _aRU
_bNLR
_gPSBO
852 _aNLR
_jФк01 Д-8/43
942 _cBOOK
980 _aNB